Catálogo
 En Linea

XII marzo teatral 2004: (Registro nro. 54424)

Detalles MARC
000 -CABECERA
campo de control de longitud fija 01901nam a2200301 i 4500
003 - IDENTIFICADOR DEL NÚMERO DE CONTROL
campo de control DO-SdBNP
005 - FECHA Y HORA DE LA ÚLTIMA TRANSACCIÓN
campo de control 20230817102743.0
006 - CÓDIGOS DE INFORMACIÓN DE LONGITUD FIJA--CARACTERÍSTICAS DEL MATERIAL ADICIONAL
campo de control de longitud fija a||||gr|||| 00| 0
007 - CAMPO FIJO DE DESCRIPCIÓN FÍSICA--INFORMACIÓN GENERAL
campo de control de longitud fija ta
008 - DATOS DE LONGITUD FIJA--INFORMACIÓN GENERAL
campo de control de longitud fija 230815e2004 dr ||||| |||| 00| d spa d
040 ## - FUENTE DE LA CATALOGACIÓN
Centro catalogador/agencia de origen DO-SdBNP
Lengua de catalogación spa
Centro/agencia transcriptor BNPHU
Normas de descripción rda
082 #4 - NÚMERO DE LA CLASIFICACIÓN DECIMAL DEWEY
Número de edición 22
Número de documento/Ítem D636m
245 00 - MENCIÓN DE TÍTULO
Título XII marzo teatral 2004:
Resto del título segundo concurso nacional de dramaturgia express 2004. /
Mención de responsabilidad, etc. Presentación, Karina Noble; prólogo, Henry Mercedes Vales
246 01 - FORMA VARIANTE DE TÍTULO
Título propio/Titulo breve Décimo segundo marzo teatral 2004:
Resto del título segundo concurso nacional de dramaturgia express 2004
246 14 - FORMA VARIANTE DE TÍTULO
Título propio/Titulo breve XII marzo teatral 2004:
Resto del título II concurso nacional de dramaturgia express 2004
264 #1 - PRODUCCIÓN, PUBLICACIÓN, DISTRIBUCIÓN, FABRICACIÓN Y COPYRIGHT
Producción, publicación, distribución, fabricación y copyright Santo Domingo :
Nombre del de productor, editor, distribuidor, fabricante Secretaría de Estado de Cultura,
Fecha de producción, publicación, distribución, fabricación o copyright 2004
300 ## - DESCRIPCIÓN FÍSICA
Extensión 94 páginas ;
Dimensiones 19 cm.
336 ## - TIPO DE CONTENIDO
Fuente rdacontent
Término de tipo de contenido texto
Código de tipo de contenido txt
337 ## - TIPO DE MEDIO
Fuente rdamedia
Nombre/término del tipo de medio sin mediación
Código del tipo de medio n
338 ## - TIPO DE SOPORTE
Fuente rdacarrier
Nombre/término del tipo de soporte volumen
Código del tipo de soporte nc
505 ## - NOTA DE CONTENIDO CON FORMATO
Nota de contenido con formato Presentación.-- Carta abierta a Karina Noble.-- Día del Teatro Dominicano.-- Mensaje del día Mundial del Teatro 2004.-- Programa Actividades.--
Información miscelánea II Concurso Nacional de Dramaturgia Express:
Título Primer Premio.
-- Pan por favor. /
Mención de responsabilidad Hamlet Bodden.--
Título Segundo Premio.
-- Con el miedo por compañía. /
Mención de responsabilidad Robert Alexander Santana Ureña.--
Título Tercer Premio.
-- Tres Oraciones y un Amén. /
Mención de responsabilidad Canek Denis Fernández.--
505 ## - NOTA DE CONTENIDO CON FORMATO
Nota de contenido con formato Primera Mención:
Título Agua para las manos. /
Mención de responsabilidad Ana María Ventura G.--
Información miscelánea Segunda Mención. /
Título Tierra Muerta. /
Mención de responsabilidad Edith J. Parra Abreu.--
Información miscelánea Tercera Mención.
Título Dulce hechizo. /
Mención de responsabilidad Wilson Ureña.--
Información miscelánea Cuarta Mención.
Título htebcam. /
-- Tarsis Castro.--
Información miscelánea Quinta Mención.
Título Primer grado. /
Mención de responsabilidad Johanna González.--
Información miscelánea Sexta Mención.
Título Reflejos de un pasado. /
Mención de responsabilidad Margaret Sosa.
590 ## - NOTA LOCAL (RLIN)
Nota local Inventariado 2023 / MF
700 1# - PUNTO DE ACCESO ADICIONAL--NOMBRE DE PERSONA
Nombre de persona Noble, Karina,
Término indicativo de función/relación presentación
9 (RLIN) 83962
700 1# - PUNTO DE ACCESO ADICIONAL--NOMBRE DE PERSONA
Nombre de persona Mercedes Vales, Henry,
Término indicativo de función/relación prólogo
9 (RLIN) 27197
710 2# - PUNTO DE ACCESO ADICIONAL--NOMBRE DE ENTIDAD CORPORATIVA
Nombre de entidad corporativa o nombre de jurisdicción como elemento de entrada Secretaría de Estado de Cultura, República Dominicana
9 (RLIN) 57668
942 ## - ELEMENTOS DE PUNTO DE ACCESO ADICIONAL (KOHA)
Fuente del sistema de clasificación o colocación Dewey Decimal Classification
Tipo de ítem Koha Libro
Existencias
Estado de retiro Estado de pérdida Fuente del sistema de clasificación o colocación Restricciones de uso No para préstamo Código de colección Localización permanente Ubicación/localización actual Ubicación en estantería Fecha de adquisición Fuente de adquisición Total de préstamos Signatura topográfica completa Código de barras Fecha visto por última vez Precio válido a partir de Tipo de ítem Koha
    Dewey Decimal Classification Excluido de préstamo   Patrimonio Dominicano Biblioteca Nacional Pedro Henríquez Ureña Biblioteca Nacional Pedro Henríquez Ureña En catalogación 14.04.2019 Donado por Martiza Pérez G.   D636m 2023-5364 15.08.2023 15.08.2023 Libro

Con tecnología Koha